LaLiga Transfers 25/26 - Statistics

General Stats
  • This quiz has been taken 146 times
  • The average score is 31 of 56
Answer Stats
From To Fee Nation Answer % Correct
Bournemouth Real Madrid 62M Spain Dean Huijsen
98%
Benfica Real Madrid 50M Spain Alvaro Carreras
94%
Lyon Real Sociedad LOAN+1M Croatia Duje Caleta-Car
93%
River Plate Real Madrid 45M Argentina Franco Mastantuono
90%
Espanyol Barcelona 25M Spain Joan Garcia
89%
Villarreal Atletico Madrid 42M Spain Alex Baena
81%
Liverpool Real Madrid 10M England Trent Alexander-Arnold
79%
Feyenoord Atletico Madrid 30M Slovakia David Hancko
77%
Lyon Villarreal 31M Georgia Georges Mikautadze
76%
Napoli Atletico Madrid 22M Italy Giacomo Raspadori
72%
Real Betis Atletico Madrid 24M USA Johnny Cardoso
71%
PSG Real Sociedad 6M Spain Carlos Soler
65%
Chelsea Villarreal 24M Portugal Renato Veiga
65%
Man United Barcelona LOAN England Marcus Rashford
63%
Atalanta Atletico Madrid 17M Italy Matteo Ruggeri
63%
Atletico Madrid Girona FREE Belgium Axel Witsel
62%
Las Palmas Villarreal 16M Spain Alberto Moleiro
60%
Atletico Madrid Real Betis 8M Spain Rodrigo Riquelme
60%
Girona Real Sociedad 11M Venezuela Yangel Herrera
60%
Wolves Real Sociedad 4M Portugal Goncalo Guedes
59%
Barcelona Mallorca 5M Spain Pablo Torre
58%
Copenhagen Barcelona 2M Sweden Roony Bardghji
58%
Botafogo Atletico Madrid 21M Argentina Thiago Almada
58%
Leipzig Elche 1M Portugal Andre Silva
56%
Marseille Girona 6M Morocco Azzedine Ounahi
56%
Bayern Celta LOAN+1M Spain Bryan Zaragoza
56%
Club Brugge Celta 5M Spain Ferran Jutgla
55%
Juventus Atletico Madrid LOAN+1M Argentina Nicolas Gonzalez
55%
Arsenal Villarreal FREE Ghana Thomas Partey
55%
Fenerbahce Real Betis LOAN Morocco Sofyan Amrabat
54%
Atletico Madrid Girona LOAN France Thomas Lemar
51%
Udinese Sevilla FREE Chile Alexis Sanchez
50%
Leeds United Real Betis FREE Dominican Rep Junior Firpo
50%
Man City Girona LOAN Brazil Vitor Reis
50%
Spurs Villarreal LOAN Israel Manor Solomon
49%
Aston Villa Real Oviedo FREE Belgium Leander Dendoncker
48%
Fenerbahce Girona LOAN Croatia Dominik Livakovic
47%
Lens Levante FREE Australia Matt Ryan
47%
Real Sociedad Osasuna FREE Suriname Sheraldo Becker
47%
Villarreal Valencia FREE Netherlands Arnaut Danjuma
46%
PSG Villarreal 2M Spain Arnau Tenas
46%
Villarreal Real Oviedo FREE Ivory Coast Eric Bailly
43%
Newcastle Sevilla LOAN Greece Odysseas Vlachodimos
43%
Atletico Madrid Sevilla FREE Spain Cesar Azpilicueta
39%
Pachuca Real Oviedo LOAN Real Oviedo Salomon Rondon
39%
Aston Villa Girona FREE Spain Alex Moreno
37%
Fiorentina Valencia LOAN+1M Argentina Lucas Beltran
37%
Chelsea Mallorca FREE Finland Lucas Bergstrom
37%
Velez Sarsfield Real Betis 5M Argentina Valentin Gomez
37%
Napoli Villarreal LOAN+1M Spain Rafa Marin
36%
Marseille Rayo Vallecano FREE Italy Luiz Felipe
34%
Burnley Espanyol LOAN Italy Luca Koleosho
32%
Fiorentina Real Oviedo FREE Croatia Josip Brekalo
27%
Nottingham Real Oviedo LOAN Real Oviedo David Carmo
22%
Leeds United Valencia LOAN Spain Largie Ramazani
21%
Toluca Real Betis FREE Spain Pau Lopez
21%
No matching quizzes found
Score Distribution
Percent of People with Each Score
Percentile by Number Answered
Your Score History
You have not taken this quiz